[Event "European Blitz 2017"]
[Site "Katowice POL"]
[Date "2017.12.15"]
[Round "3.95"]
[White "Lis, Mateusz"]
[Black "Dragnev, Valentin"]
[Result "1-0"]
[BlackTitle "IM"]
[WhiteElo "2113"]
[BlackElo "2458"]
[WhiteFideId "1184733"]
[BlackFideId "1634852"]
[EventDate "2017.12.15"]
[EventType "blitz"]

1. e4 e5 2. Nf3 Nc6 3. Bb5 a6 4. Bxc6 dxc6 5. O-O Bg4 6. h3 Bh5 7. d3 Bd6 8. Be3
Ne7 9. Nbd2 c5 10. b3 Qd7 11. Qe2 Nc6 12. c3 f6 13. Rfd1 O-O 14. Rab1 Qe7 15.
Nc4 Rae8 16. Re1 Qe6 17. Ncd2 h6 18. Qf1 b5 19. Nh4 Ne7 20. Ra1 Kh7 21. a4 g5
22. Nf5 Nxf5 23. exf5 Qd5 24. c4 Qc6 25. axb5 axb5 26. cxb5 Qxb5 27. Rec1 g4 28.
hxg4 Bxg4 29. Ra7 Bxf5 30. Nc4 Kg6 31. Nxd6 cxd6 32. Rc4 Ra8 33. Rxa8 Rxa8 34.
Qd1 Qb7 35. Rh4 Rh8 36. Qh5+ Kg7 37. Qxf5 Qxb3 38. Rg4+ Kf7 39. Qd7+ Kf8 40.
Qg7+ Ke8 41. Qxh8+ Kd7 42. Qg7+ Kc6 43. Kh2 Qxd3 44. Rg3 c4 45. Qa7 Kd5 46. Qa5+
Ke6 47. Bxh6 Qh7 48. Rh3 Qf5 49. Qb4 d5 50. Qb6+ Kf7 51. Be3 d4 52. Qc7+ Kg6 53.
Qh7# 1-0

[Event "European Blitz 2017"]
[Site "Katowice POL"]
[Date "2017.12.15"]
[Round "3.96"]
[White "Kantans, Toms"]
[Black "Goslawski, Michal"]
[Result "1-0"]
[WhiteTitle "GM"]
[WhiteElo "2484"]
[BlackElo "2132"]
[WhiteFideId "11602945"]
[BlackFideId "1171259"]
[EventDate "2017.12.15"]
[EventType "blitz"]

1. e4 d6 2. d4 Nf6 3. Nc3 g6 4. f4 Bg7 5. Nf3 O-O 6. e5 Nfd7 7. h4 c5 8. h5 cxd4
9. hxg6 dxc3 10. gxf7+ Rxf7 11. Bc4 e6 12. Ng5 Nf8 13. Nxf7 Kxf7 14. f5 d5 15.
Qh5+ Kg8 16. f6 Bxf6 17. exf6 dxc4 18. f7+ Kh8 19. Qe5+ 1-0

[Event "European Blitz 2017"]
[Site "Katowice POL"]
[Date "2017.12.15"]
[Round "3.97"]
[White "Kolesnikovs, Ivans"]
[Black "Lubczynski, Rafal"]
[Result "0-1"]
[BlackTitle "IM"]
[WhiteElo "1996"]
[BlackElo "2429"]
[WhiteFideId "11602244"]
[BlackFideId "1126091"]
[EventDate "2017.12.15"]
[EventType "blitz"]

1. e4 e5 2. d4 d6 3. Nc3 Nf6 4. Nf3 Nbd7 5. g3 c6 6. Bg2 Be7 7. O-O O-O 8. b3 b5
9. Re1 a5 10. Bb2 Qc7 11. Nb1 Re8 12. Nbd2 a4 13. Rb1 axb3 14. axb3 Bf8 15. dxe5
dxe5 16. Nf1 Nc5 17. N3d2 Rd8 18. Qc1 g6 19. Ne3 Bh6 20. c4 Nd3 21. Qc2 Nxe1 22.
Rxe1 Qe7 23. cxb5 cxb5 24. Qc6 Bd7 25. Qc7 Ra2 26. Rb1 Bxe3 27. fxe3 Ng4 28. Nf3
Rc8 29. Qb7 Rc2 30. Bxe5 Rxg2+ 0-1

[Event "European Blitz 2017"]
[Site "Katowice POL"]
[Date "2017.12.15"]
[Round "3.99"]
[White "Adamczewski, Maciej"]
[Black "Meissner, Felix"]
[Result "0-1"]
[BlackTitle "FM"]
[WhiteElo "1999"]
[BlackElo "2333"]
[WhiteFideId "1148702"]
[BlackFideId "24671827"]
[EventDate "2017.12.15"]
[EventType "blitz"]

1. d4 g6 2. Nf3 Nf6 3. c4 Bg7 4. Nc3 O-O 5. e4 d6 6. Be2 Na6 7. O-O e5 8. d5 Nc5
9. Qc2 a5 10. b3 Nh5 11. Bg5 f6 12. Bh4 Nf4 13. a3 Bg4 14. b4 Nxe2+ 15. Qxe2 Nb3
16. Rad1 Nd4 17. Qe3 axb4 18. axb4 Bxf3 19. gxf3 Ra3 20. Rc1 Qd7 21. c5 Qh3 22.
Bg3 h5 23. cxd6 cxd6 24. f4 h4 25. fxe5 fxe5 26. Qg5 Nf3+ 0-1

[Event "European Blitz 2017"]
[Site "Katowice POL"]
[Date "2017.12.15"]
[Round "4.1"]
[White "Bablok, Maciej"]
[Black "Wojtaszek, Radoslaw"]
[Result "0-1"]
[BlackTitle "GM"]
[WhiteElo "2130"]
[BlackElo "2736"]
[WhiteFideId "1112112"]
[BlackFideId "1118358"]
[EventDate "2017.12.15"]
[EventType "blitz"]

1. d4 Nf6 2. Nf3 e6 3. Bg5 c5 4. c3 h6 5. Bh4 b6 6. e3 Bb7 7. Bd3 Be7 8. Nbd2
Nc6 9. O-O O-O 10. Qe2 Rc8 11. Rfe1 cxd4 12. exd4 Nd5 13. Bxe7 Qxe7 14. Qe4 f5
15. Qh4 Rf6 16. Ne5 g5 17. Qg3 Nf4 18. Bb5 Nxe5 19. Rxe5 Nxg2 20. f3 Nf4 21. h4
Qg7 22. Rae1 Rg6 23. h5 Nxh5 24. Qf2 Nf4 0-1

[Event "European Blitz 2017"]
[Site "Katowice POL"]
[Date "2017.12.15"]
[Round "4.2"]
[White "Navara, David"]
[Black "Berzina, Ilze"]
[Result "1-0"]
[WhiteTitle "GM"]
[BlackTitle "WGM"]
[WhiteElo "2740"]
[BlackElo "2211"]
[WhiteFideId "309095"]
[BlackFideId "11601345"]
[EventDate "2017.12.15"]
[EventType "blitz"]

1. c4 e5 2. g3 Nf6 3. Bg2 d5 4. cxd5 Nxd5 5. Nc3 Nb6 6. e3 Nc6 7. Nge2 Be7 8.
O-O h5 9. d4 exd4 10. Nxd4 Nxd4 11. exd4 Bg4 12. Qb3 O-O 13. Bxb7 Rb8 14. Bg2
Qxd4 15. Be3 Qf6 16. Rfe1 Bf3 17. Bxf3 Qxf3 18. Qd1 Qxd1 19. Raxd1 Bf6 20. Bd4
Bxd4 21. Rxd4 Rbd8 22. Rxd8 Rxd8 23. Re7 Rd2 24. Rxc7 Rxb2 25. Rxa7 Rc2 26. Ne4
Rc4 27. Ng5 f6 28. Ne6 g5 29. Kg2 h4 30. Rg7+ Kh8 31. Rf7 Nd5 32. a3 Rc2 33. Kf3
Rc4 34. g4 Rc3+ 35. Ke4 Nb6 36. Kf5 Rf3+ 37. Kg6 1-0

[Event "European Blitz 2017"]
[Site "Katowice POL"]
[Date "2017.12.15"]
[Round "4.4"]
[White "McShane, Luke J"]
[Black "Olkhovskiy, Alexander"]
[Result "1-0"]
[WhiteTitle "GM"]
[WhiteElo "2640"]
[BlackElo "2145"]
[WhiteFideId "404853"]
[BlackFideId "34188611"]
[EventDate "2017.12.15"]
[EventType "blitz"]

1. e4 Nf6 2. e5 Nd5 3. d4 d6 4. Nf3 Bg4 5. Be2 c6 6. c4 Nc7 7. exd6 Qxd6 8. Nc3
g6 9. h3 Bxf3 10. Bxf3 Bg7 11. Be3 O-O 12. O-O Rd8 13. Qb3 b6 14. Rfd1 Ne6 15.
d5 Nc5 16. Bxc5 Qxc5 17. dxc6 Nxc6 18. Na4 1-0

[Event "European Blitz 2017"]
[Site "Katowice POL"]
[Date "2017.12.15"]
[Round "4.6"]
[White "Saric, Ivan"]
[Black "Balaian, Alina"]
[Result "1-0"]
[WhiteTitle "GM"]
[BlackTitle "WIM"]
[WhiteElo "2669"]
[BlackElo "2224"]
[WhiteFideId "14508150"]
[BlackFideId "24115347"]
[EventDate "2017.12.15"]
[EventType "blitz"]

1. e4 e6 2. d4 d5 3. Nc3 Bb4 4. e5 c5 5. a3 Bxc3+ 6. bxc3 Ne7 7. Qg4 cxd4 8.
Qxg7 Rg8 9. Qxh7 Qc7 10. Ne2 Nbc6 11. f4 Bd7 12. h4 dxc3 13. h5 O-O-O 14. Qd3
Nf5 15. Rb1 d4 16. Rg1 Na5 17. g4 Nh6 18. Bh3 a6 19. Nxd4 Bc6 20. Qxc3 Rxd4 21.
Qxd4 Rd8 22. Qc3 Rd7 23. Be3 Qd8 24. g5 Ng8 25. Bb6 Rd1+ 26. Rxd1 Qxb6 27. Qd4
Qc7 28. g6 Be8 29. Rg3 Nc6 30. Qd6 Qa5+ 31. Rd2 Nh6 32. gxf7 Bxf7 33. Rg7 Qc3
34. Bxe6+ 1-0

[Event "European Blitz 2017"]
[Site "Katowice POL"]
[Date "2017.12.15"]
[Round "4.7"]
[White "Szczyrba, Daniel"]
[Black "Ragger, Markus"]
[Result "1/2-1/2"]
[BlackTitle "GM"]
[WhiteElo "2127"]
[BlackElo "2657"]
[WhiteFideId "1115588"]
[BlackFideId "1610856"]
[EventDate "2017.12.15"]
[EventType "swiss"]

1. d4 d5 2. Nf3 Nf6 3. c4 e6 4. Nc3 a6 5. a4 dxc4 6. e3 b6 7. Bxc4 Bb7 8. O-O
Nbd7 9. Qe2 Bb4 10. Bd3 Bd6 11. e4 e5 12. Bg5 h6 13. Bh4 O-O 14. Rad1 Qe7 15.
Rfe1 Rfe8 16. Bc4 Bb4 17. Nxe5 Bxc3 18. Bxf7+ Qxf7 19. Nxf7 Bxe1 20. Nxh6+ gxh6
21. Bxf6 Nxf6 22. Rxe1 Rxe4 23. Qd1 Rxe1+ 24. Qxe1 Re8 25. Qd2 Kg7 26. f3 Bd5
27. Qf4 Re7 28. Kf2 Bc4 29. g4 Nd5 30. Qc1 Re2+ 31. Kg3 Ne3 32. b3 Bf7 33. Qxc7
Nf1+ 34. Kf4 Nxh2 35. d5 Rf2 36. Kg3 Re2 37. d6 Nf1+ 38. Kf4 Ne3 39. Qc3+ Kf8
40. Qxe3 Rxe3 41. Kxe3 Bxb3 42. Kd4 Bxa4 43. f4 Bd7 44. g5 hxg5 45. fxg5 Kf7 46.
Ke5 Kg6 47. Kd5 Kxg5 1/2-1/2

[Event "European Blitz 2017"]
[Site "Katowice POL"]
[Date "2017.12.15"]
[Round "4.9"]
[White "Szadkowski, Krzysztof"]
[Black "Plat, Vojtech"]
[Result "0-1"]
[BlackTitle "GM"]
[WhiteElo "2138"]
[BlackElo "2567"]
[WhiteFideId "1125060"]
[BlackFideId "325740"]
[EventDate "2017.12.15"]
[EventType "blitz"]

1. Nf3 c5 2. g3 Nc6 3. Bg2 g6 4. O-O Bg7 5. c4 d6 6. Nc3 Nf6 7. d4 O-O 8. dxc5
dxc5 9. Be3 Be6 10. Bxc5 Qa5 11. Be3 Bxc4 12. Qc1 Rad8 13. Bh6 Nd5 14. Bxg7 Kxg7
15. Nd2 Nxc3 16. bxc3 Bxe2 17. Re1 Bg4 18. Bxc6 bxc6 19. Rxe7 Qc5 20. Re4 Bf5
21. Rh4 h5 22. Nb3 Qe5 23. Nd4 Bd7 24. Nf3 Qd5 25. Qf4 f6 26. Qe4 Bg4 27. Qxd5
cxd5 28. Nd4 Rfe8 29. h3 g5 30. hxg4 gxh4 31. Nf5+ Kf7 32. gxh5 hxg3 33. fxg3
Rh8 34. g4 Rdg8 35. Ne3 Rxh5 36. Kg2 Re5 37. Kf3 Rc8 38. c4 dxc4 39. Rb1 Rc7 40.
Kf4 c3 41. Rc1 Kg6 42. Nf5 Rc4+ 43. Kf3 Rxf5+ 44. gxf5+ Kxf5 45. Ke3 c2 46. Kd3
Rc8 47. a4 Ke5 48. a5 Kd5 49. a6 f5 50. Kd2 Ke5 0-1

[Event "European Blitz 2017"]
[Site "Katowice POL"]
[Date "2017.12.15"]
[Round "4.10"]
[White "Kovalenko, Igor"]
[Black "Cieslar, Michal"]
[Result "1-0"]
[WhiteTitle "GM"]
[WhiteElo "2639"]
[BlackElo "2032"]
[WhiteFideId "14117908"]
[BlackFideId "1141066"]
[EventDate "2017.12.15"]
[EventType "blitz"]

1. e4 d6 2. d4 g6 3. c3 Bg7 4. Bg5 Nd7 5. Nf3 h6 6. Bh4 c5 7. Bc4 g5 8. Qb3 e6
9. Bg3 Qe7 10. Na3 a6 11. O-O b5 12. Be2 g4 13. Nd2 cxd4 14. Qb4 a5 15. Qxb5
dxc3 16. Ndc4 e5 17. Rad1 Ra6 18. Bxg4 Nf6 19. Bf5 O-O 20. bxc3 Ne8 21. Ne3 Nc7
22. Qe2 d5 23. Nxd5 Nxd5 24. Rxd5 Nb6 25. Bxc8 Nxd5 26. Bxa6 Nxc3 27. Qb2 Nxe4
28. Nc4 Nxg3 29. hxg3 e4 30. Qb7 Qg5 31. Qxe4 1-0

[Event "European Blitz 2017"]
[Site "Katowice POL"]
[Date "2017.12.15"]
[Round "4.11"]
[White "Lehtioksa, Jorma"]
[Black "Buhmann, Rainer"]
[Result "0-1"]
[BlackTitle "GM"]
[WhiteElo "2173"]
[BlackElo "2584"]
[WhiteFideId "502200"]
[BlackFideId "4651340"]
[EventDate "2017.12.15"]
[EventType "blitz"]

1. e4 e6 2. Nf3 d5 3. Nc3 Nf6 4. e5 Nfd7 5. d4 c5 6. dxc5 Nc6 7. Bf4 Be7 8. h4
Nxc5 9. h5 Bd7 10. Bb5 Qb6 11. O-O Ne4 12. Bxc6 Bxc6 13. Nxe4 dxe4 14. Nd4 Rd8
15. c3 Qxb2 16. Qg4 g5 17. Nxc6 bxc6 18. Be3 Qxc3 19. Qxe4 O-O 20. Rac1 Qa3 21.
Rxc6 Rd7 22. h6 Qxa2 23. Bxg5 Bxg5 24. Qg4 Qd2 25. f4 f6 26. exf6 Qd4+ 27. Kh1
Qxf6 28. Rc5 Rd5 29. Rxd5 exd5 30. Rf3 Qxh6+ 31. Kg1 d4 32. fxg5 Qb6 33. g6 d3+
34. Kh2 hxg6 35. Rxf8+ Kxf8 36. Qc8+ Ke7 37. Qg8 Qd6+ 38. Kg1 d2 39. Qg7+ Kd8
40. Qg8+ Kc7 41. Qc4+ Kd7 42. Qa4+ Ke7 43. Qd1 a5 44. Kf2 Qd3 0-1

[Event "European Blitz 2017"]
[Site "Katowice POL"]
[Date "2017.12.15"]
[Round "4.12"]
[White "Georgiev, Kiril"]
[Black "Varvadoukas, Theodoros"]
[Result "1-0"]
[WhiteTitle "GM"]
[WhiteElo "2623"]
[BlackElo "2178"]
[WhiteFideId "2900017"]
[BlackFideId "4210735"]
[EventDate "2017.12.15"]
[EventType "blitz"]

1. d4 Nf6 2. Nf3 c5 3. d5 g6 4. Nc3 Bg7 5. e4 d6 6. Bb5+ Bd7 7. a4 O-O 8. O-O
Na6 9. Re1 Nc7 10. Bf1 Re8 11. h3 Rc8 12. Bf4 Na6 13. e5 dxe5 14. Nxe5 Bf5 15.
Bb5 Nc7 16. Bxe8 Ncxe8 17. Nc4 Nd6 18. Nxd6 exd6 19. Qd2 h5 20. a5 a6 21. Bh6
Bh8 22. Bg5 Qd7 23. Re2 Re8 24. Rae1 Rxe2 25. Qxe2 Qc7 26. Qe7 Qxa5 27. Bxf6 1-0

[Event "European Blitz 2017"]
[Site "Katowice POL"]
[Date "2017.12.15"]
[Round "4.13"]
[White "Terbe, Julianna"]
[Black "Fridman, Daniel"]
[Result "0-1"]
[WhiteTitle "WIM"]
[BlackTitle "GM"]
[WhiteElo "2259"]
[BlackElo "2633"]
[WhiteFideId "708780"]
[BlackFideId "11600454"]
[EventDate "2017.12.15"]
[EventType "blitz"]

1. e4 e6 2. d4 d5 3. Nd2 c5 4. exd5 Qxd5 5. Ngf3 cxd4 6. Bc4 Qd7 7. O-O a6 8.
Nb3 Nc6 9. Nbxd4 Nxd4 10. Qxd4 Qxd4 11. Nxd4 Nf6 12. a4 Bd7 13. c3 Bc5 14. Nf3
Rc8 15. Bb3 Bc6 16. Ne5 Be4 17. Bg5 h6 18. Bh4 g5 19. Bg3 h5 20. h4 gxh4 21.
Bxh4 Rg8 22. g3 Ng4 23. Rae1 Nxe5 24. Rxe4 Nf3+ 25. Kg2 Nd2 26. Bc2 Nxf1 27.
Kxf1 Be7 28. Bd1 Rc5 29. Bf3 b5 30. Ke2 Bxh4 31. Rxh4 Rgg5 32. Rb4 Ke7 33. axb5
Rxb5 34. Rxb5 Rxb5 35. b4 a5 36. bxa5 Rxa5 37. Kd3 Kd6 38. Bd1 Rd5+ 39. Ke2 h4
40. gxh4 Rh5 41. Ke3 Rxh4 42. Bc2 Kc5 43. Bd3 Rh3+ 44. Kd2 f5 45. Ke2 Kd5 46.
Kd2 Ke5 47. Ke2 Kf6 48. Kd2 e5 49. Ke2 e4 0-1

[Event "European Blitz 2017"]
[Site "Katowice POL"]
[Date "2017.12.15"]
[Round "4.15"]
[White "Homatidis, Panagiotis"]
[Black "Saric, Ante"]
[Result "0-1"]
[BlackTitle "GM"]
[WhiteElo "2104"]
[BlackElo "2540"]
[WhiteFideId "4211731"]
[BlackFideId "14506254"]
[EventDate "2017.12.15"]
[EventType "blitz"]

1. e4 d5 2. exd5 Nf6 3. Nc3 Nxd5 4. Bc4 e6 5. Nf3 Be7 6. O-O O-O 7. Nxd5 exd5 8.
Bd3 Bg4 9. h3 Bh5 10. c3 Nc6 11. Re1 d4 12. Be4 Bf6 13. Bxc6 bxc6 14. g4 Bg6 15.
Qa4 c5 16. Qc6 Re8 17. Rxe8+ Qxe8 18. Qxe8+ Rxe8 19. cxd4 Be4 20. Ne5 cxd4 21.
Nd7 Bh4 22. Nc5 Bg6 23. Kf1 d3 24. b3 Re2 25. f3 Rf2+ 26. Kg1 Rxf3 27. Bb2 Rxh3 0-1

[Event "European Blitz 2017"]
[Site "Katowice POL"]
[Date "2017.12.15"]
[Round "4.16"]
[White "Rodshtein, Maxim"]
[Black "Pavlidou, Ekaterini"]
[Result "1-0"]
[WhiteTitle "GM"]
[BlackTitle "WIM"]
[WhiteElo "2699"]
[BlackElo "2196"]
[WhiteFideId "2806851"]
[BlackFideId "4213262"]
[EventDate "2017.12.15"]
[EventType "blitz"]

1. c4 c5 2. Nc3 Nc6 3. g3 g6 4. Bg2 Bg7 5. a3 d6 6. Rb1 a5 7. d3 e5 8. h4 h6 9.
Nf3 Nge7 10. Nd2 O-O 11. Nd5 Be6 12. Nf1 f5 13. Bd2 Bf7 14. Nfe3 Nd4 15. Nxe7+
Qxe7 16. Nd5 Qd8 17. b4 axb4 18. axb4 cxb4 19. Bxb4 Ra2 20. Bd2 Nc2+ 21. Kf1 Nd4
22. Nc3 Ra7 23. Be3 f4 24. Bxd4 1-0

[Event "European Blitz 2017"]
[Site "Katowice POL"]
[Date "2017.12.15"]
[Round "4.17"]
[White "Kolasinski, Krzysztof"]
[Black "Mastrovasilis, Dimitrios"]
[Result "1/2-1/2"]
[BlackTitle "GM"]
[WhiteElo "2045"]
[BlackElo "2582"]
[WhiteFideId "1122240"]
[BlackFideId "4202694"]
[EventDate "2017.12.15"]
[EventType "blitz"]

1. d4 d5 2. c4 e6 3. Nc3 a6 4. cxd5 exd5 5. Nf3 c6 6. Qc2 Bd6 7. Bg5 Ne7 8. e3
h6 9. Bh4 Bf5 10. Qb3 Qc7 11. Be2 Nd7 12. Rc1 Qb6 13. Na4 Qxb3 14. axb3 O-O 15.
O-O Rfe8 16. Rfd1 f6 17. Bg3 Bxg3 18. hxg3 Nc8 19. Bd3 Bxd3 20. Rxd3 Nd6 21. Nd2
Kf7 22. Nc5 Nxc5 23. Rxc5 h5 24. f3 Re7 25. Kf2 Rae8 26. Rc1 g5 27. Rh1 Kg6 28.
Re1 Nf5 29. e4 dxe4 30. fxe4 Nh6 31. d5 Ng4+ 32. Kf1 cxd5 33. Rxd5 Rc8 34. Nc4
b5 35. Nd6 Rc2 36. Nf5 Rec7 37. Rd8 Rxb2 38. Rg8+ Kh7 39. Rf8 Rcc2 40. Ne3 Rf2+
41. Kg1 Nxe3 42. Rxe3 Rxg2+ 43. Kf1 Rh2 44. Kg1 Kg7 45. Rd8 Rhc2 46. Rd7+ Kg6
47. Re1 Rxb3 48. Rd6 Rxg3+ 49. Kh1 Rh3+ 50. Kg1 Rg3+ 51. Kh1 Kf7 52. Rf1 Rh3+
53. Kg1 Rg3+ 54. Kh1 Ke7 55. Rfxf6 Rb3 56. Rfe6+ Kf7 57. Rf6+ Ke7 58. Rfe6+ 1/2-1/2

[Event "European Blitz 2017"]
[Site "Katowice POL"]
[Date "2017.12.15"]
[Round "4.18"]
[White "Fressinet, Laurent"]
[Black "Przybylski, Bartosz"]
[Result "1/2-1/2"]
[WhiteTitle "GM"]
[WhiteElo "2662"]
[BlackElo "2085"]
[WhiteFideId "608742"]
[BlackFideId "1126652"]
[EventDate "2017.12.15"]
[EventType "blitz"]

1. e4 c5 2. Nf3 e6 3. g3 Nc6 4. Bg2 d5 5. exd5 exd5 6. O-O Be7 7. d4 c4 8. b3
cxb3 9. axb3 Nf6 10. Ne5 O-O 11. Ba3 Bf5 12. Nxc6 bxc6 13. Nc3 Re8 14. Qd2 Qd7
15. Bxe7 Rxe7 16. Rfe1 Rae8 17. Rxe7 Qxe7 18. Bf1 h6 19. f3 Qe3+ 20. Qxe3 Rxe3
21. Nd1 Re7 22. c3 Bc2 23. Kf2 Bxb3 24. Ne3 Ne8 25. Rb1 Rb7 26. Bd3 a5 27. Re1
Nd6 28. Ra1 a4 29. Ke2 Kf8 30. Kd2 g6 31. Nc2 Nc4+ 32. Bxc4 dxc4 33. Na3 c5 34.
dxc5 Rc7 35. Re1 Rxc5 36. Re4 Rd5+ 37. Rd4 Rxd4+ 38. cxd4 Ke7 39. Kc3 Kd6 40. f4
f6 41. Nb1 Kd5 42. Na3 Kd6 43. Nb1 Kd5 44. Na3 Kd6 45. Nb1 Kd5 46. Na3 Kd6 1/2-1/2

[Event "European Blitz 2017"]
[Site "Katowice POL"]
[Date "2017.12.15"]
[Round "4.19"]
[White "Koziol, Kamil"]
[Black "Ponkratov, Pavel"]
[Result "0-1"]
[WhiteTitle "FM"]
[BlackTitle "GM"]
[WhiteElo "2305"]
[BlackElo "2613"]
[WhiteFideId "1161555"]
[BlackFideId "4157800"]
[EventDate "2017.12.15"]
[EventType "blitz"]

1. e4 g6 2. d4 Bg7 3. Nc3 d5 4. e5 f6 5. f4 Nh6 6. Nf3 Bg4 7. Be3 O-O 8. Be2 Nc6
9. h3 Bxf3 10. Bxf3 e6 11. Qd2 fxe5 12. fxe5 Nf5 13. Bg5 Qd7 14. Ne2 h6 15. Bf4
Nh4 16. O-O-O Kh7 17. Rdf1 b6 18. Be3 Na5 19. b3 Qe7 20. Kb1 c5 21. dxc5 Nc6 22.
Nd4 Nxd4 23. Bxd4 bxc5 24. Bb2 Nxf3 25. gxf3 Rf5 26. f4 Raf8 27. h4 Qf7 28. h5
Rxh5 29. Rxh5 gxh5 30. Qh2 Qf5 31. Bc1 Bxe5 32. fxe5 Qxf1 33. Qxh5 Qf5 34. Qxh6+
Kg8 35. Bg5 Rf7 36. Bf6 Rh7 37. Qd2 Qe4 38. Qa5 Qd4 39. Qd8+ Kf7 40. Qd7+ Kg6 0-1

[Event "European Blitz 2017"]
[Site "Katowice POL"]
[Date "2017.12.15"]
[Round "4.20"]
[White "Michalik, Peter"]
[Black "Stabulnieks, Klavs"]
[Result "0-1"]
[WhiteTitle "GM"]
[WhiteElo "2557"]
[BlackElo "2181"]
[WhiteFideId "14907526"]
[BlackFideId "11603984"]
[EventDate "2017.12.15"]
[EventType "swiss"]

1. d4 Nf6 2. c4 g6 3. Nf3 Bg7 4. e3 d6 5. Be2 O-O 6. O-O c5 7. d5 Nbd7 8. Nc3 a6
9. a4 Qc7 10. h3 e6 11. Nd2 exd5 12. cxd5 Re8 13. Nc4 Ne5 14. Na3 b6 15. e4 c4
16. Be3 Nfd7 17. Rc1 Nc5 18. Nxc4 Nxc4 19. Bxc4 Qe7 20. Bd3 Bd7 21. Bc2 Rac8 22.
Re1 Qh4 23. Bd4 b5 24. Bxg7 Kxg7 25. axb5 axb5 26. Qd4+ Kg8 27. b4 Nb7 28. Bd3
Qe7 29. Nxb5 Rxc1 30. Rxc1 Bxb5 31. Bxb5 Qxe4 0-1

[Event "European Blitz 2017"]
[Site "Katowice POL"]
[Date "2017.12.15"]
[Round "4.21"]
[White "Krejca, Jakub"]
[Black "Bartel, Mateusz"]
[Result "0-1"]
[BlackTitle "GM"]
[WhiteElo "2104"]
[BlackElo "2609"]
[WhiteFideId "365777"]
[BlackFideId "1112635"]
[EventDate "2017.12.15"]
[EventType "blitz"]

1. e4 e5 2. Nf3 Nc6 3. Bc4 Nf6 4. d3 Be7 5. Nc3 O-O 6. Bg5 d6 7. Qd2 Na5 8. Bb3
Nxb3 9. axb3 Be6 10. h3 Nh5 11. Be3 f5 12. exf5 Rxf5 13. d4 Qf8 14. d5 Bd7 15.
O-O-O a5 16. Ne1 Rf7 17. g4 Nf4 18. Nd3 a4 19. bxa4 Bxa4 20. Nxf4 exf4 21. Bd4
c5 22. dxc6 Bxc6 23. Rhg1 Ra1+ 24. Nb1 Be4 25. b3 Ra2 26. Bb2 d5 27. Nc3 Rxb2
28. Kxb2 Bf6 29. Kb1 Qa8 30. Na2 0-1

[Event "European Blitz 2017"]
[Site "Katowice POL"]
[Date "2017.12.15"]
[Round "4.22"]
[White "Moranda, Wojciech"]
[Black "Pakosta, Miroslav"]
[Result "1-0"]
[WhiteTitle "GM"]
[WhiteElo "2593"]
[BlackElo "2158"]
[WhiteFideId "1122401"]
[BlackFideId "306576"]
[EventDate "2017.12.15"]
[EventType "blitz"]

1. d4 c5 2. d5 f5 3. Nc3 Nf6 4. f3 e5 5. e4 d6 6. Bb5+ Kf7 7. Nh3 h6 8. exf5
Bxf5 9. Nf2 Be7 10. Bd3 Qd7 11. O-O g6 12. f4 exf4 13. Bxf4 Bxd3 14. Qxd3 Qf5
15. Nfe4 Qd7 16. Bxd6 Bxd6 17. Rxf6+ Kg7 18. Rxd6 Qg4 19. h3 Qf4 20. Rf1 Qe5 21.
Qf3 Rg8 22. Qf7+ Kh8 23. Nf6 1-0

[Event "European Blitz 2017"]
[Site "Katowice POL"]
[Date "2017.12.15"]
[Round "4.24"]
[White "Demidov, Mikhail"]
[Black "Smieszek, Wojciech"]
[Result "1-0"]
[WhiteTitle "IM"]
[WhiteElo "2523"]
[BlackElo "2185"]
[WhiteFideId "4197143"]
[BlackFideId "1156047"]
[EventDate "2017.12.15"]
[EventType "blitz"]

1. d4 Nf6 2. Nf3 c5 3. dxc5 e6 4. Be3 Nc6 5. g3 Nd5 6. Bg5 Qa5+ 7. c3 Qxc5 8.
Bg2 Be7 9. Bxe7 Qxe7 10. O-O O-O 11. c4 Nf6 12. Nc3 d6 13. Nd4 Nxd4 14. Qxd4 a6
15. Rfd1 Rd8 16. Qb6 d5 17. e3 Bd7 18. cxd5 exd5 19. Nxd5 Nxd5 20. Rxd5 Bc6 21.
Rxd8+ Qxd8 22. Qxd8+ Rxd8 23. Bxc6 bxc6 24. Rc1 Rd6 25. Kf1 Kf8 26. Ke2 Ke7 27.
Rc3 g5 28. Rc5 Rg6 29. Ra5 Kd6 30. Rxa6 Rh6 31. b4 Rxh2 32. b5 Rh1 33. Rxc6+ Kd7
34. a4 Ra1 35. Ra6 h5 36. Kf3 f5 37. a5 Ra2 38. b6 Kc6 39. Ra7 g4+ 40. Kg2 Rb2
41. Rc7+ Kd6 42. Rf7 Ke6 43. Rh7 Ra2 44. b7 Kd5 1-0

[Event "European Blitz 2017"]
[Site "Katowice POL"]
[Date "2017.12.15"]
[Round "4.25"]
[White "Karlik, Ondrej"]
[Black "Hracek, Zbynek"]
[Result "0-1"]
[BlackTitle "GM"]
[WhiteElo "2171"]
[BlackElo "2592"]
[WhiteFideId "339296"]
[BlackFideId "300071"]
[EventDate "2017.12.15"]
[EventType "blitz"]

1. e4 g6 2. d4 Bg7 3. Nc3 d6 4. Be3 a6 5. Qd2 b5 6. f3 Bb7 7. O-O-O Nd7 8. Kb1
c5 9. dxc5 Nxc5 10. Nge2 Rc8 11. Nd4 Nf6 12. g4 b4 13. Nce2 a5 14. Nc1 O-O 15.
Bd3 Qb6 16. h4 a4 17. h5 e5 18. hxg6 exd4 19. gxh7+ Kh8 20. Bh6 Ne8 21. Bxg7+
Nxg7 22. Ne2 b3 23. cxb3 axb3 24. a3 Nxd3 25. Qxd3 Ba6 26. Qxd4 Qxd4 27. Nxd4
Ne6 28. Nf5 Be2 29. Rc1 Bxf3 30. Rhe1 Rxc1+ 31. Kxc1 Ng5 32. Nxd6 Kxh7 33. Re3
Kg6 34. Rxb3 Rd8 35. e5 Bxg4 36. Rb7 Be6 37. a4 Nf3 38. Rb5 Nxe5 39. Rxe5 Rxd6
40. b4 Kf6 41. Rc5 Rd4 42. Rb5 Rd5 43. Rb6 Ke7 44. a5 Rd6 45. Rb7+ Kd8 46. b5
Kc8 47. a6 Bd5 48. Re7 Rb6 49. a7 f6 50. Rg7 Rxb5 51. Kd2 Ra5 52. Ke3 Bb7 53.
Rf7 f5 54. Kf4 Rxa7 55. Rxf5 Kd7 56. Rf7+ Ke6 57. Rg7 Ra4+ 58. Ke3 Bd5 59. Rg5
Kd6 60. Kd3 Be6 61. Kc3 Rc4+ 62. Kd3 Rh4 63. Kc3 Bd5 64. Kd3 Kc5 65. Ke3 Re4+
66. Kd3 Ra4 67. Ke3 Ra3+ 68. Kf4 Kd4 69. Rg1 Rf3+ 70. Kg5 Rf8 71. Re1 Be4 72.
Ra1 Ke5 73. Ra5+ Bd5 74. Kg4 Rg8+ 75. Kh3 Ke4 76. Ra4+ Ke3 77. Ra5 Be4 78. Ra7
Kf4 79. Rf7+ Bf5+ 80. Kh2 Rg5 81. Ra7 Be4 82. Ra3 Rh5+ 83. Kg1 Bf3 84. Kf2 Rh2+
85. Ke1 Re2+ 86. Kf1 Kg3 87. Ra8 Re5 88. Rg8+ Bg4 89. Rb8 Rd5 90. Rb3+ Bf3 91.
Rb1 Rd2 92. Ke1 Re2+ 93. Kf1 Rh2 94. Ke1 Rh1+ 95. Kd2 Rxb1 0-1